Normal view
MARC view
- Computer science -- Mathematics
Entry Topical Term
001 - CONTROL NUMBER
- control field: 3722
003 - CONTROL NUMBER IDENTIFIER
- control field: JO-AjAnu
005 - DATE AND TIME OF LATEST TRANSACTION
- control field: 20230606070919.0
008 - FIXED-LENGTH DATA ELEMENTS
- fixed length control field: 230606|| aca||aabn | a|a d
040 ## - CATALOGING SOURCE
- Original cataloging agency: JO-AjAnu
- Transcribing agency: JO-AjAnu
150 ## - HEADING--TOPICAL TERM
- Topical term or geographic name entry element: Computer science -- Mathematics
670 ## - SOURCE DATA FOUND
- Source citation: Work cat.: (JO-AjAnu)1943: Kolman, Bernard,/Busby,Robert, author 3721, Discrete mathematical structures for computer science.